LDR 01126nam a2200229 i 4500 001 000000228903 003 CaOOAMICUS 005 20260522085206.0 008 140416s1787 it u000 u ita u 013 $a207805 026 $aa;e- reo. e.la sene (3) 1787 (R)$a(Var. B) 026 $a,en- o-he e.la sene (7) 1787 (R) 040 $aSeMil$bita 245 10$aTomo 1. che contiene il Santo Vangelo di Gesù Cristo secondo Matteo, e Marco. 300 $axxvi, 370, [10] p. 500 $aVar. B: Dedica ad Ignazio Boncompagni Ludovisi; descr. fisica: [2], VI, [2], iii-xxvi, [2], 370, [6] p.; segn.: *8(*1+*4) 2*8 773 0 $tBibbia. Nuovo Testamento$dIn Roma : per Filippo Neri : si vende da Michelangelo Barbiellini alla Minerva, 1787-1788.$g1$w()29751 850 $aSeMil 852 $aSeMil$W1$xVenegono$y1$m2Z V 7 FA$j179249$B179249$CSeMilBibl$Z2$F190358 $8I 852 $aSeMil$W1$xVenegono$y1$m2Y II 80 FA$j183894$B183894$CSeMilBibl$Z2$F194639 $8I 996 $6245$aTomo 1. che contiene il Santo Vangelo di Gesù Cristo secondo Matteo, e Marco$9(OLS)http://semarc/title/327588